000 00613cam a22002411 4500
001 sa 67005116
003 DLC
005 20260227112354.0
008 900103s1964 ii b 000 0 malo
010 _asa 67005116
035 _a(OCoLC)20842797
040 _aDLC
_cWaU
_dDLC
042 _apremarc
050 0 0 _aP121
_b.S49 1964
100 1 _aSebastian, Edamarth V.
245 1 0 _aBhāṣāśāstr̲aṃ.
260 _c[1964]
300 _a147, [1] p.
_c18 cm.
500 _aIn Malayalam.
500 _aFirst published in 1922.
504 _aBibliography: p. [148]
650 0 _aLanguage and languages.
999 _c74978
_d74978